Energy conservation & solar heating for greenhouses /

Bibliographic Details
Main Author: Ross, D. S.
Format: Book
Language:English
Published: Ithaca, N.Y. : Northeast Regional Agricultural Engineering Service, [1978]
Series:NRAES (Series) ; 3.
Subjects:

MARC

Tag First Indicator Second Indicator Subfields
LEADER 00000cam a2200000 a 4500
001 in00000092046
005 20151008064132.0
008 800731s1978 nyua b 00010 eng d
035 |a (OCoLC)06574109 
035 |9 AAK3600AM 
040 |a PPN  |c PPN  |d TXA  |d UtOrBLW 
049 |a TXAM  |c [1481913] 
090 |a SB415  |b .R68 1979 
092 |a 716.3  |b R823-p 
100 1 |a Ross, D. S. 
245 1 0 |a Energy conservation & solar heating for greenhouses /  |c D.S. Ross [and others]. 
264 1 |a Ithaca, N.Y. :  |b Northeast Regional Agricultural Engineering Service,  |c [1978] 
264 3 |c 1979 printing 
264 4 |c ©1978 
300 |a 48 pages :  |b illustrations ;  |c 28 cm. 
336 |a text  |b txt  |2 rdacontent 
337 |a unmediated  |b n  |2 rdamedia 
338 |a volume  |b nc  |2 rdacarrier 
490 1 |a NRAES ;  |v 3 
500 |a Cover title. 
504 |a Bibliography: page 48. 
650 0 |a Greenhouses  |x Energy conservation. 
650 0 |a Greenhouses  |x Heating and ventilation. 
650 0 |a Solar greenhouses. 
830 0 |a NRAES (Series) ;  |v 3. 
999 |a MARS 
999 f f |s fbe16b11-b49e-3e12-9bba-8e96f459e166  |i 131d30d2-0338-3609-ae70-020064bf2ab6  |t 0 
952 f f |p ric  |a Texas A&M University  |b Rellis Campus  |c Joint Library Facility  |d Remote Storage  |t 0  |e SB415 .R68 1979  |h Library of Congress classification  |i unmediated -- volume  |m A14806236088 
998 f f |a SB415 .R68 1979  |t 0  |l Remote Storage